| 000 | 00725nam a2200181 i 4500 | ||
|---|---|---|---|
| 001 | 43454 | ||
| 003 | ES-MaACL | ||
| 005 | 20251015063056.0 | ||
| 007 | t| | ||
| 008 | 030317s1912 it ||||1| ita d | ||
| 100 | 1 |
_aCathrein, Victor, _d1845-1931 _937069 |
|
| 245 | 1 | 3 |
_aLa morale cattolica _b: esposta nelle sue premesse e nelle sue linee fondamentali a schiarimento delle maggiori questioni della vita per tutte le persone colte / _cVictor Cathrein ; dalla seconda edizione tedesca a cura del sac. dott. Ubaldo Mannucci. |
| 260 |
_aRoma : _bF. Pustet., _c1912 ( _fL. Cappelli) |
||
| 300 |
_aXII, 575 p. ; _c22 cm. |
||
| 650 | 7 |
_aMoral cristiana _2 _9142371 |
|
| 852 |
_aES-MaACL _jF-1574 |
||
| 999 |
_c43454 _d43454 |
||